[Event "FRA-ch U14 Girls"]
[Site "Hyeres"]
[Date "2019.04.15"]
[Round "2"]
[White "Bellahcene, Sofia"]
[Black "Boero, Angele"]
[Result "1/2-1/2"]
[WhiteElo "1673"]
[BlackElo "1399"]
[PlyCount "84"]
[EventDate "2019.04.14"]
[EventType "swiss"]
[EventRounds "9"]
[EventCountry "FRA"]
[SourceTitle "CBM 190 Extra"]
[Source "ChessBase"]
[SourceDate "2019.07.15"]
[SourceVersion "1"]
[SourceVersionDate "2019.07.15"]
[SourceQuality "1"]

1. e4 d5 2. exd5 Nf6 3. Bb5+ Bd7 4. Be2 Nxd5 5. Nf3 Nc6 6. 0-0 Bg4 7. d4 e6 8. a3 Be7 9. h3 Bh5 10. Bb5 Qd6 11. c4 Nf6 12. g4 Bg6 13. c5 Qd8 14. Ne5 Be4 15. Nc3 Bd5 16. Nxd5 Qxd5 17. Qa4 0-0 18. Nxc6 bxc6 19. Bxc6 Qd8 20. Bxa8 Qxa8 21. f3 Rd8 22. Bd2 Bxc5 23. dxc5 Rxd2 24. Rad1 Rxb2 25. Qxa7 Qc8 26. Rb1 Rxb1 27. Rxb1 Qd7 28. Rb8+ Ne8 29. Rxe8+ Qxe8 30. Qxc7 h6 31. c6 Qa8 32. h4 Qxa3 33. Qb8+ Kh7 34. c7 Qe3+ 35. Kg2 Qe2+ 36. Kg3 Qe1+ 37. Kh3 Qh1+ 38. Kg3 Qe1+ 39. Kg2 Qe2+ 40. Kg1 Qe1+ 41. Kh2 Qf2+ 42. Kh1 Qf1+ 1/2-1/2